Country Flags but Red is Green #2 - Statistics

General Stats
  • This quiz has been taken 274 times
  • The average score is 18 of 20
Answer Stats
Picture Answer % Correct
Iceland
99%
Bahrain
98%
Laos
95%
Belarus
93%
Samoa
90%
Trinidad and Tobago
90%
Yemen
89%
Armenia
87%
Azerbaijan
87%
Ghana
87%
Guyana
87%
Burundi
86%
East Timor
85%
Suriname
85%
Togo
85%
Grenada
84%
Myanmar
84%
Maldives
83%
Mauritius
81%
Gambia
79%
No matching quizzes found
Score Distribution
Percent of People with Each Score
Percentile by Number Answered
Your Score History
You have not taken this quiz